Riadenie ľudských zdrojov v podnikoch služieb na území SR bakalárska práca

Enregistré dans:
Détails bibliographiques
Auteur principal: Gajdošová, Martina
Collectivité auteur: Podnikovohospodárska fakulta EU so sídlom v Košiciach. Katedra manažmentu
Autres auteurs: Horváthová, Elena
Format: Livre
Langue:slovaque
Publié: Košice 2009
Tags: Ajouter un tag
Pas de tags, Soyez le premier à ajouter un tag!

MARC

LEADER 00000nam$a2200000$$$4500
001 0106741
005 20240318131144.3
041 0 |a slo 
044 |a SK 
245 1 0 |a Riadenie ľudských zdrojov v podnikoch služieb na území SR  |b bakalárska práca  |c Martina Gajdošová ; škol. Elena Horváthová 
264 1 |a Košice  |c 2009 
300 |a 60 s. 
100 1 |a Gajdošová, Martina 
700 1 |a Horváthová, Elena 
710 2 |a Podnikovohospodárska fakulta EU so sídlom v Košiciach. Katedra manažmentu